000 00752nam a2200217Ia 4500
003 GCL
008 140319s9999 xx 000 0 ara d
020 _a1033908977
040 _aGCL /
_cGCL
082 0 4 _a398.9
_bع م
100 1 _aعبدالسلام العشرى
245 1 0 _aالمنتخب من امثال العرب مثل وقصة ومضرب /
_cعبدالسلام العشرى
250 _aالاولى
260 _aالقاهرة :
_bنهضة مصر للطباعة والنشر والتوزيع ،
_c1990
300 _a313ص ؛
_c20سم
650 0 4 _aالادب العربى
650 0 4 _aالامثال العربية
650 0 4 _aالاهاجى والفكاهات
650 0 4 _aالامثال العامية
942 _2ddc
_cBK
999 _c43076
_d43076